| 000 | 00496cam a22001217a 4500 | ||
|---|---|---|---|
| 008 | 180718b1975 xxu||||| |||| 00| 0 eng d | ||
| 082 | _aA81x54 In2/71/10/PT10A&B/P | ||
| 100 | _aCensus of India 1971 | ||
| 245 | _aMadhya Pradesh district census handbook, Panna: village and town directory, village and townwise primary census abstract | ||
| 260 |
_aBhopal _bThe Government of Madhya Pradesh _c1975 |
||
| 300 | _a173+p. | ||
| 440 | _aCensus of India 1971. Series-10, Madhya Pradesh. Part X (A) & X (B) | ||
| 999 |
_c485183 _d485183 |
||